00809nam a22001937a 450000500170000000800410001702000180005805000200007624501340009625000110023026000980024130000300033950400280036965000610039770000390045870000380049770000350053570000450057020180914094347.0180911b mx ||||| |||| 00| 0 spa d a978607028252204aQK653bT43 201600aTécnicas de laboratorio para el estudio del desarrollo en angiospermas c/ editores, Judith Márquez-Guzmán, .... [et. al.]. a1a ed. aMéxico, D.F. : bUniversidad Nacional Autónoma de México, Facultad de Ciencias, c2016. a247 p. : bil. ; c28 cm. aIncluye bibliografías 72lembaAngiospermasvManuales de laboratorioxDesarrollo 1 aMárquez-Guzmán, Juditheeditor1 aPérez Pacheco, Mónicaeeditor1 aLópez Curto, Lourdeseeditor1 aMurguía Sánchez, Guillerminaeeditor